01683nam a2200253Ia 4500008004100000040001800041041000800059245006700067260006400134300002300198500057400221508011100795511013200906546006201038650001701100650002001117650005601137650003201193650003001225700004001255710002401295765002001319856009001339130821s1957 xxua gs spa  aCo-BoUCMbspa00aspa00aMi desconfiada esposac[DVD]c[dirigida por] Vincente Minnelli aWashington D.C. (Estados Unidos)bMetro-Goldwyn-Mayerc1957 a1 DVDbson., color aSINOPSIS : Gregory Peck es un periodista deportivo. Lauren Bacall, una diseñadora de moda de éxito. Ambos se casan tras una breve y torbellina relación, pero tras el romance inicial sus diferentes caracteres pronto se pondran de manifiesto en su convivencia matrimonial, al pertenecer a dos mundos diferentes. Divertida comedia romántica de la Metro que se benefició de un reparto lleno de glamour, de un simpático guión -ganador del Oscar- y de la siempre deliciosa dirección de Minelli. Atención a Mickey Shcaughnessy como el guardaespaldas de Peck. aDirector, Vincente Minnelli ; guión, George Wells ; música, André Previn ; fotografía, John Alton. aGregory Peck, Lauren Bacall, Dolores Gray, Tom Helmore, Mickey Shaughnessy, Edward Platt, Jack Cole, Chuck Connors, Sam Levene. aAudio en Español e Inglés. Subtítulos en Español.04aComediavDVD04aEntretenimiento04aPelículas cinematográficaszEstados UnidosvDVD04aPeriodistas en el cinevDVD04aRelaciones de parejavDVD1 aMinnelli, Vincented1903-1986edir.2 aMetro-Goldwyn-Mayer tDesigning woman04uhttps://www.youtube.com/watch?v=kII7uNGz7lczSiga este vínculo para ver el trailer.